[Event "Moehnesee Cup-A 37th"]
[Site "Moehnesee"]
[Date "2011.09.03"]
[Round "5"]
[White "Neukoetter, Moritz"]
[Black "Gruenhagen, Marc"]
[Result "0-1"]
[WhiteElo "1707"]
[BlackElo "2133"]
[PlyCount "56"]
[EventDate "2011.09.01"]
[EventType "swiss"]
[EventRounds "7"]
[EventCountry "GER"]
[SourceTitle "EXT 2013"]
[Source "ChessBase"]
[SourceDate "2012.11.22"]
[SourceVersion "1"]
[SourceVersionDate "2012.11.22"]
[SourceQuality "1"]

1. e4 c5 2. Nc3 Nc6 3. g3 g6 4. Bg2 Bg7 5. d3 d6 6. Be3 e5 7. Qd2 Nge7 8. Bh6 0-0 9. h4 Bxh6 10. Qxh6 f6 11. Nge2 Nd4 12. 0-0-0 Be6 13. Rdf1 Kh8 14. Qe3 b5 15. f4 b4 16. Nb1 Bxa2 17. h5 Nxe2+ 18. Qxe2 g5 19. Bh3 Nc6 20. Nd2 Bg8 21. h6 Nd4 22. Qe3 Qa5 23. Nb1 Qa1 24. Qe1 Ba2 25. Kd2 Qxb2 26. fxg5 Qxc2+ 27. Ke3 Bxb1 28. Qxb1 Qe2# 0-1

[Event "GER-chT U20"]
[Site "Osnabrueck"]
[Date "2010.12.28"]
[Round "3.5"]
[White "Sistig, Max"]
[Black "Neukoetter, Moritz"]
[Result "1-0"]
[WhiteElo "1932"]
[BlackElo "1721"]
[PlyCount "99"]
[EventDate "2010.12.27"]
[EventType "team-swiss"]
[EventRounds "7"]
[EventCountry "GER"]
[SourceTitle "CBM 140 Extra"]
[Source "ChessBase"]
[SourceDate "2011.03.01"]
[SourceVersion "1"]
[SourceVersionDate "2011.03.01"]
[SourceQuality "1"]
[WhiteTeam "Koeln Porz"]
[BlackTeam "Paderborn Schachfreunde"]
[WhiteTeamCountry "GER"]
[BlackTeamCountry "GER"]

1. d4 f5 2. g3 Nf6 3. Bg2 g6 4. Nf3 Bg7 5. 0-0 d6 6. c4 0-0 7. Nc3 Nc6 8. d5 Ne5 9. Nxe5 dxe5 10. e4 e6 11. Be3 exd5 12. cxd5 fxe4 13. Qb3 Kh8 14. h3 b6 15. Rad1 Bb7 16. Rd2 Qe7 17. Nxe4 c5 18. Ng5 Bh6 19. d6 Qd7 20. Bxb7 Qxb7 21. Ne6 Bxe3 22. Qxe3 Rf7 23. Qxe5 Qd5 24. Re1 Qxe5 25. Rxe5 Re8 26. Ng5 Rd7 27. Rde2 Rxe5 28. Rxe5 h6 29. Ne4 Nxe4 30. Rxe4 Rxd6 31. Re8+ Kg7 32. Re7+ Kf6 33. Rxa7 Ke5 34. Kf1 Kd4 35. Ke2 c4 36. Rf7 b5 37. h4 b4 38. Kd2 c3+ 39. bxc3+ bxc3+ 40. Kc2 Ra6 41. Rf4+ Kd5 42. a4 Rc6 43. a5 Ra6 44. Ra4 Rf6 45. f4 g5 46. a6 Rf8 47. a7 Ra8 48. hxg5 hxg5 49. fxg5 Ke6 50. Ra6+ 1-0

[Event "Bielefeld Gr7"]
[Site "Bielefeld"]
[Date "2006.06.05"]
[Round "6"]
[White "Spisla, Dominik"]
[Black "Neukoetter, Moritz"]
[Result "1/2-1/2"]
[WhiteElo "1492"]
[BlackElo "1511"]
[PlyCount "126"]
[EventDate "2006.06.02"]
[EventType "tourn"]
[EventRounds "7"]
[EventCountry "GER"]
[SourceTitle "EXT 2007"]
[Source "ChessBase"]
[SourceDate "2006.11.23"]
[SourceVersion "1"]
[SourceVersionDate "2006.11.23"]
[SourceQuality "1"]

1. d4 f5 2. Nf3 Nf6 3. g3 g6 4. Bg2 Bg7 5. c4 0-0 6. Nc3 d6 7. 0-0 Nc6 8. Bg5 h6 9. Bxf6 Bxf6 10. e4 e5 11. dxe5 dxe5 12. Qd5+ Kh7 13. Qxd8 Bxd8 14. Rfe1 Nd4 15. Rad1 Nxf3+ 16. Bxf3 Be6 17. exf5 Rxf5 18. Bxb7 Rb8 19. b3 Be7 20. Bd5 Bxd5 21. Rxd5 Bb4 22. Re3 Bxc3 23. Rxc3 Rbf8 24. Rc2 e4 25. Rxf5 gxf5 26. Rd2 Kg6 27. Rd7 Rf7 28. Rxf7 Kxf7 29. Kf1 Ke6 30. Ke2 Ke5 31. Ke3 c5 32. a3 a5 33. h4 Kf6 34. Kf4 Ke6 35. f3 exf3 36. Kxf3 Ke5 37. Ke3 Kf6 38. Kf4 Kg6 39. g4 fxg4 40. Kxg4 Kf6 41. Kh5 Ke5 42. Kxh6 Kd4 43. Kg5 Kc3 44. b4 axb4 45. axb4 cxb4 46. c5 b3 47. c6 b2 48. c7 b1Q 49. c8Q+ Kd2 50. Qd7+ Ke2 51. Qg4+ Ke3 52. h5 Qf1 53. Kh4 Qf8 54. Qg5+ Ke4 55. h6 Qf7 56. Qg4+ Ke5 57. Qg7+ Ke6 58. Qg4+ Ke7 59. Kg5 Qg8+ 60. Kh5 Qxg4+ 61. Kxg4 Kf7 62. h7 Kg7 63. h8B+ Kxh8 1/2-1/2

[Event "GER-chT U12"]
[Site "Verden"]
[Date "2005.12.30"]
[Round "7.1"]
[White "Guenthner, Arthur"]
[Black "Neukoetter, Moritz"]
[Result "1-0"]
[WhiteElo "1378"]
[BlackElo "1337"]
[PlyCount "83"]
[EventDate "2005.12.27"]
[EventType "team-swiss"]
[EventRounds "7"]
[EventCountry "GER"]
[SourceTitle "CBM 110 Extra"]
[Source "ChessBase"]
[SourceDate "2006.03.10"]
[SourceVersion "2"]
[SourceVersionDate "2006.03.10"]
[SourceQuality "1"]

1. d4 f5 2. c4 g6 3. Nc3 Nf6 4. Nf3 Bg7 5. Bf4 d6 6. e3 0-0 7. Be2 Nc6 8. 0-0 Nh5 9. Bg3 Nxg3 10. hxg3 e5 11. dxe5 Nxe5 12. Qb3 Kh8 13. Nxe5 dxe5 14. Rad1 Qe7 15. e4 f4 16. gxf4 exf4 17. Rfe1 Qg5 18. Nd5 Be5 19. Nb4 h5 20. Nd3 Bd4 21. Bf3 Qh4 22. Rd2 Rd8 23. e5 c6 24. e6 Qf6 25. e7 Re8 26. Qa3 Be6 27. Rde2 Bxc4 28. Re4 Bxd3 29. Qxd3 Bxb2 30. Re6 Qf7 31. Rxg6 Rxe7 32. Rh6+ Kg8 33. Rxe7 Qxe7 34. Qb3+ Kg7 35. Re6 Qa3 36. Qxb7+ Kf8 37. Qxa8+ Kg7 38. Qb7+ Kf8 39. Bxh5 Kg8 40. Re8+ Qf8 41. Rxf8+ Kxf8 42. Qf7# 1-0

[Event "OWL-ch U12"]
[Site "Hiddenhausen"]
[Date "2005.01.04"]
[Round "5"]
[White "Karsunke, Marvin"]
[Black "Neukoetter, Moritz"]
[Result "1/2-1/2"]
[WhiteElo "1213"]
[BlackElo "1316"]
[PlyCount "20"]
[EventDate "2005.01.02"]
[EventType "swiss"]
[EventRounds "7"]
[EventCountry "GER"]
[SourceTitle "EXT 2007"]
[Source "ChessBase"]
[SourceDate "2006.11.23"]
[SourceVersion "1"]
[SourceVersionDate "2006.11.23"]
[SourceQuality "1"]

1. e4 e5 2. Bc4 Nc6 3. Nc3 d6 4. d3 Be7 5. f4 Nf6 6. Nf3 0-0 7. 0-0 Be6 8. Bb3 exf4 9. Bxf4 Qc8 10. Qd2 Kh8 1/2-1/2